000 00416nam a2200181Ia 4500
001 9078
005 20260306160657.0
008 260306t2016||||xx |||||||||||||| ||spa||
041 _aESP
082 _a372.5
_bV65
100 _aVila, Berta
_eAUT
245 0 _aMaterial sensorial (0-3 años)
260 _c2016
300 _a134 páginas :
_c24 cm.
650 _aGEN
654 _aCED
942 _cLIB
_dJUS
_fJUS
_2ddc
_n
999 _c9078
_d9078